Science for better living. (Record no. 12586)

MARC details
000 -LEADER
fixed length control field 00835cam a2200253 4500
001 - CONTROL NUMBER
control field agr68000301
003 - CONTROL NUMBER IDENTIFIER
control field DLC
005 - DATE AND TIME OF LATEST TRANSACTION
control field 20260227111031.0
008 - FIXED-LENGTH DATA ELEMENTS--GENERAL INFORMATION
fixed length control field 710119s1968 dcuac b 000 0 eng c
010 ## - LIBRARY OF CONGRESS CONTROL NUMBER
LC control number agr68000301
040 ## - CATALOGING SOURCE
Original cataloging agency U.S. Nat'l Agr. Libr.
Transcribing agency DLC
Modifying agency OCoLC
-- DLC
050 00 - LIBRARY OF CONGRESS CALL NUMBER
Classification number S21
Item number .A35 1968
070 0# - NATIONAL AGRICULTURAL LIBRARY CALL NUMBER
Classification number 1Ag84Y 1968
082 00 - DEWEY DECIMAL CLASSIFICATION NUMBER
Classification number 630/.72/073
110 1# - MAIN ENTRY--CORPORATE NAME
Corporate name or jurisdiction name as entry element United States.
Subordinate unit Department of Agriculture.
245 10 - TITLE STATEMENT
Title Science for better living.
260 ## - PUBLICATION, DISTRIBUTION, ETC.
Place of publication, distribution, etc. [Washington,
Name of publisher, distributor, etc. For sale by the Supt. of Docs., U.S. Govt. Print. Off.,
Date of publication, distribution, etc. 1968]
300 ## - PHYSICAL DESCRIPTION
Extent xlvi, 386 p.
Other physical details illus. (part col.) ports.
Dimensions 24 cm.
350 ## - PRICE (NR) (BK AM CF MU VM SE) [OBSOLETE]
Price 3.00
490 1# - SERIES STATEMENT
Series statement Its Yearbook of agriculture,
Volume/sequential designation 1968
504 ## - BIBLIOGRAPHY, ETC. NOTE
Bibliography, etc. note Includes bibliographies.
650 #0 - SUBJECT ADDED ENTRY--TOPICAL TERM
Topical term or geographic name entry element Agriculture
General subdivision Research.
830 #0 - SERIES ADDED ENTRY--UNIFORM TITLE
Uniform title Yearbook of agriculture (Washington, D.C. : 1926) ;
Volume/sequential designation 1968.

No items available.

Powered by Koha